| 000 | 00000nam##2200000za#4500 |
| 001 | 9.658836 |
| 003 | CaOODSP |
| 005 | 20200330131259 |
| 007 | ta |
| 008 | 150407|1996||||xxc||||| f|0| 0 fre|d |
| 020 | |a0-660-60057-9 |
| 040 | |aCaOODSP|bfre |
| 041 | |aeng |
| 041 | |afre |
| 043 | |an-cn--- |
| 086 | 1 |aSN3-227/1-1996 |
| 110 | 1 |aCanada.|bBibliothèque nationale du Canada. |
| 245 | 13|aLa bibliothèque canadienne accessible II : |bun instrument de travail destiné aux bibliothèques au service des personnes handicapées / |cpar Wendy Scott et Ann Archer. |
| 260 | |aOttawa - Ontario : |bBibliothèque nationale du Canada |c1996. |
| 300 | |aTexte français, 106p. : |c28 cm. |
| 500 | |aSommaire: Introduction.--Lignes directrices sur les bibliothèques et services de renseignements destinés aux personnes handicapées.--Spécifications d'une bibliothèque accessible.--Listes de ressources.--Bibliographies. Données de catalogage avant publication (Canada) imprimées dans cette publication. |
| 504 | |aBibliographie. |
| 546 | |aBilingue |
| 563 | |aReliure à spirale |
| 590 | |a96-49|b1996-12-06 |
| 691 | 07|aBibliothèque|2gcpds |
| 691 | 07|aPersonne handicapée|2gcpds |
| 720 | 1 |aScott, Wendy |
| 720 | 1 |aArcher, Ann |
| 776 | 0#|tLa bibliothèque canadienne accessible II : |w(CaOODSP)9.640051 |
| 776 | 0#|tThe accessible Canadian library II : |w(CaOODSP)9.695931 |
| 791 | |tThe accessible Canadian library II : |eeng|w(CaOODSP)9.658835 |